MCU characters - Statistics

General Stats
  • This quiz has been taken 25 times
  • The average score is 57 of 111
Answer Stats
Hint. Answers % Correct
. Black widow
100%
. Captain america
100%
. Hawkeye
100%
. Hulk
100%
. Iron man
100%
. Thor
100%
. Spiderman
93%
. Black Panther
87%
. Captain Marvel
87%
. Doctor strange
87%
. Loki
87%
. Nick Fury
87%
. Peggy Carter
87%
. Scarlett witch
87%
. Vision
87%
. Ant man
80%
. Bucky Barnes
80%
. Drax
80%
. Gamora
80%
. Hank Pym
80%
. Mantis
80%
. Quicksilver
80%
. Rocket
80%
. Shuri
80%
. Star lord
80%
. Thanos
80%
. Wasp
80%
. Falcon
73%
. Groot
73%
. MJ
73%
. Nebula
73%
. Maria Hill
67%
Ned Leeds
67%
. Okoye
67%
. Pepper Potts
67%
. Red skull
67%
. Ultron
67%
. War machine
67%
. Darcy Lewis
60%
. Jane Foster
60%
. Odin
60%
. Phil Coulson
60%
. Valkyrie
60%
. Wong
60%
. Yondu
60%
. Frigga
53%
. Heimdall
53%
. M'Baku
53%
. Sharon Carter
53%
. Vulture
53%
. Agatha Harkness
47%
. Ego
47%
. Erik Selvig
47%
. Fandral
47%
. Flash Thompson
47%
. Happy Hogan
47%
. Hela
47%
. Howard Stark
47%
. Kate Bishop
47%
. Morgan Stark
47%
. Cull Obsidian
40%
. Ebony Maw
40%
. Hogun
40%
. Laufey
40%
. Ms Marvel
40%
. Mysterio
40%
. Obadiah Stane
40%
. Proxima Midnight
40%
. Sif
40%
. T'Chaka
40%
. The collector
40%
. Volstagg
40%
. Yelena Belova
40%
. Ancient one
33%
. Corvus Glaive
33%
. Dormammu
33%
. Grandmaster
33%
. Howard the duck
33%
. Kaecilius
33%
. Laura Barton
33%
. Malekith
33%
. Maria Stark
33%
. May Parker
33%
. Sylvie
33%
. Baron Zemo
27%
. Christine Palmer
27%
. Eitri
27%
. Erik Killmonger
27%
. Janet van Dyne
27%
. Jarvis
27%
. Karl Mordo
27%
. Korg
27%
. Monica Rambeau
27%
. Alexander Pierce
20%
. Arnim Zola
20%
. Brock Rumlow
20%
. Cassie Lang
20%
. Cooper Barton
20%
. Harley Keener
20%
. Jasper Sitwell
20%
. Klaw
20%
. Lila Barton
20%
. Mobius
20%
. Nathaniel Barton
20%
. Abraham Erskine
13%
. Ayo
13%
. Dreykov
13%
. Helen Cho
13%
. Jimmy Woo
13%
. America Chavez
7%
. Shang shi
0%
No matching quizzes found
Score Distribution
Percent of People with Each Score
Percentile by Number Answered
Your Score History
You have not taken this quiz